00366nam a2200145Ia 4500003000400000008004100004040001600045082001300061100002000074245003700094260004200131300001000173650001500183650002200198GCL140319s9999 xx 000 0 eng d aGCL / cGCL04a843bM M1 aMAUPASSANT, GUY10aMISS HARRIAT / cMAUPASSANT, GUY a[S.N] : bLE LIVRE DE POCHE ، c1984 a250 P04aLITERATURE04aFRENCH LITERATURE